| 000 | 01745nam a2200301Ia 4500 | ||
|---|---|---|---|
| 999 |
_c53272 _d53272 |
||
| 001 | 20313 | ||
| 003 | GE_BSU | ||
| 005 | 20200906221258.0 | ||
| 008 | 181216s1993||||ge |||||||||||||| ||geo|| | ||
| 020 | _a5-520-01502-3 | ||
| 040 | _cGE_BSU | ||
| 041 | _ageo | ||
| 080 | _a811.353.1 გ-13 | ||
| 100 |
_aგაბუნია, კახა _94175 |
||
| 245 |
_aზმნისართის წარმოება და ფუნქციები ქართველურ ენებში / _cკახა გაბუნია ; რედ. ბესარიონ ჯორბენაძე |
||
| 264 |
_aთბილისი : _bმეცნიერება, _c1993. |
||
| 300 |
_a176 გვ. ; _c20 სმ. |
||
| 500 | _aმონოგრაფიაში განხილულია ზმნისართის აგებულებისა და სინტაქსური ფუნქციების საკითხები | ||
| 504 | _aბიბლიოგრაფია გვ. 168 | ||
| 520 | _aრეზიუმე რუსულ ენაზე | ||
| 541 | _h4 ლ. | ||
| 653 | _aზმნისართის წარმოება და ფუნქციები ქართველურ ენებში | ||
| 653 | _aქართული ენა | ||
| 700 |
_aჯორბენაძე, ბესარიონ _eრედაქტორი _91214 |
||
| 710 |
_aსაქართველოს მეცნიერებათა აკადემია _99407 |
||
| 711 |
_aარნ. ჩიქობავას სახელობის ენათმეცნიერების ინსტიტუტი _99408 |
||
| 942 |
_cBK _2udc |
||